000 00611nam a2200169 a 4500
001 000045476
005 20201002052254.0
008 150408s1998 dr 000 0 spa d
040 _aDO-SdBNP
_bspa
_cBNPHU
082 _axxxx
_bxxxx
245 0 0 _aUnión Nacionalista documentos :
_bdel 30 de marzo de 1992 al 27 de febrero de 1998.
246 0 0 _aDocumentos de la unión nacionalista :
_btestimonio para la historia dominicana
260 _aSanto Domingo :
_bCollado,
_c1998.
300 _av. ;
_c22 cm.
500 _aLa biblioteca posee el v. 1
500 _aPerteneció a la biblioteca personal de Carmen Herrera
999 _c44965
_d44965